[Event "Vilafranca del Penedes op 8th"]
[Site "Vilafranca del Penedes"]
[Date "2014.05.16"]
[Round "7"]
[White "Lozano Diaz, Antoni"]
[Black "Tutusaus Marrugat, Carles"]
[Result "0-1"]
[WhiteElo "2008"]
[BlackElo "2127"]
[PlyCount "104"]
[EventDate "2014.03.28"]
[EventType "swiss"]
[EventRounds "8"]
[EventCountry "ESP"]
[SourceTitle "EXT 2015"]
[Source "ChessBase"]
[SourceDate "2014.11.20"]
[SourceVersion "1"]
[SourceVersionDate "2014.11.20"]
[SourceQuality "1"]

1. d4 d5 2. c4 Nc6 3. cxd5 Qxd5 4. e3 e5 5. Nc3 Bb4 6. Bd2 Bxc3 7. bxc3 Nf6 8. f3 e4 9. Qb3 Qf5 10. Qb5 0-0 11. Qxf5 Bxf5 12. Ne2 Rfe8 13. Ng3 Bg6 14. f4 h5 15. Bb5 h4 16. Ne2 Re6 17. 0-0 Ne7 18. c4 c6 19. Ba4 Nf5 20. Bb3 Rd6 21. c5 Rd7 22. Nc3 Nd5 23. Nxd5 cxd5 24. Ba4 Rc7 25. Bb3 Rd7 26. Ba4 Rdd8 27. Rfc1 f6 28. Kf2 Be8 29. Bb3 Bc6 30. Rab1 g5 31. fxg5 fxg5 32. Bd1 Rf8 33. Kg1 Rf6 34. Be2 a6 35. Rf1 Raf8 36. Bg4 Bb5 37. Rxf5 Rxf5 38. Bxf5 Rxf5 39. h3 Rf7 40. Ra1 Kg7 41. a4 Bc6 42. a5 Bb5 43. Re1 Kg6 44. Rc1 Kh5 45. Rb1 g4 46. hxg4+ Kxg4 47. Rc1 h3 48. gxh3+ Kxh3 49. Re1 Rg7+ 50. Kh1 Rg2 51. Bc3 Be2 52. Rg1 Rh2# 0-1

[Event "Vilafranca del Penedes op 8th"]
[Site "Vilafranca del Penedes"]
[Date "2014.05.09"]
[Round "6"]
[White "Tutusaus Marrugat, Carles"]
[Black "Peredo Claros, Luis Gabriel"]
[Result "1/2-1/2"]
[WhiteElo "2127"]
[BlackElo "1920"]
[PlyCount "36"]
[EventDate "2014.03.28"]
[EventType "swiss"]
[EventRounds "8"]
[EventCountry "ESP"]
[SourceTitle "EXT 2015"]
[Source "ChessBase"]
[SourceDate "2014.11.20"]
[SourceVersion "1"]
[SourceVersionDate "2014.11.20"]
[SourceQuality "1"]

1. e4 e6 2. d4 d5 3. e5 c5 4. c3 Nc6 5. Nf3 Bd7 6. a3 Nge7 7. b4 c4 8. Nfd2 Ng6 9. Be2 Be7 10. 0-0 0-0 11. a4 a6 12. Re1 Qc7 13. Nf1 f6 14. exf6 Bxf6 15. Ng3 Qd6 16. b5 axb5 17. Ba3 b4 18. cxb4 Nxb4 1/2-1/2

[Event "Vilafranca del Penedes op 8th"]
[Site "Vilafranca del Penedes"]
[Date "2014.03.28"]
[Round "1"]
[White "Serrano Carmona, Alfonso"]
[Black "Tutusaus Marrugat, Carles"]
[Result "0-1"]
[WhiteElo "1830"]
[BlackElo "2127"]
[PlyCount "44"]
[EventDate "2014.03.28"]
[EventType "swiss"]
[EventRounds "8"]
[EventCountry "ESP"]
[SourceTitle "EXT 2015"]
[Source "ChessBase"]
[SourceDate "2014.11.20"]
[SourceVersion "1"]
[SourceVersionDate "2014.11.20"]
[SourceQuality "1"]

1. e4 c5 2. Nf3 g6 3. d4 cxd4 4. Nxd4 Bg7 5. Nc3 Nc6 6. Be3 Nf6 7. Bc4 0-0 8. Qd2 Nxe4 9. Bxf7+ Rxf7 10. Nxe4 d5 11. Nc3 e5 12. Nb3 b6 13. 0-0-0 Be6 14. h4 d4 15. Bg5 Qf8 16. f3 h6 17. Ne4 hxg5 18. hxg5 Re8 19. Kb1 Bd5 20. Qe2 Rf4 21. Nbd2 Nb4 22. a3 Ba2+ 0-1

[Event "Vilafranca del Penedes op 6th"]
[Site "Vilafranca del Penedes"]
[Date "2012.05.04"]
[Round "4"]
[White "Vinas Racionero, Josep Claudi"]
[Black "Tutusaus Marrugat, Carles"]
[Result "0-1"]
[WhiteElo "2130"]
[BlackElo "1945"]
[PlyCount "118"]
[EventDate "2012.04.13"]
[EventType "swiss"]
[EventRounds "8"]
[EventCountry "ESP"]
[SourceTitle "CBM 148 Extra"]
[Source "ChessBase"]
[SourceDate "2012.06.22"]
[SourceVersion "1"]
[SourceVersionDate "2012.06.22"]
[SourceQuality "1"]

1. d4 d5 2. c4 Nc6 3. e4 dxe4 4. d5 Ne5 5. Bf4 Ng6 6. Bg3 e6 7. Nc3 Nf6 8. Qc2 exd5 9. cxd5 Bd6 10. Bxd6 Qxd6 11. 0-0-0 0-0 12. Nge2 a6 13. Nxe4 Nxe4 14. Qxe4 Qc5+ 15. Nc3 Qxf2 16. Bd3 Qf4+ 17. Rd2 Bd7 18. h4 Rfe8 19. Qxf4 Nxf4 20. Be4 Re5 21. Bf3 Rae8 22. Rhd1 b5 23. Rd4 Ng6 24. h5 Ne7 25. Rf4 Nc8 26. Ne4 Nd6 27. Nc5 Bc8 28. b3 a5 29. Rd2 h6 30. a4 b4 31. Nd3 Re3 32. Kd1 Bf5 33. Rd4 Bxd3 34. R2xd3 Kf8 35. Kc2 R8e5 36. Kb2 Rxd3 37. Rxd3 Nf5 38. Rd2 Ne3 39. Rd4 Ke7 40. Kc1 Kd6 41. Kd2 Nxd5 42. Kd3 c5 43. Rg4 Rg5 44. Rxg5 hxg5 45. Kc4 Nc3 46. g4 f6 47. Bb7 Nb1 48. Kb5 Nd2 49. Kxa5 Nxb3+ 50. Kb5 Nd2 51. Bc8 b3 52. Bf5 b2 53. a5 b1Q+ 54. Bxb1 Nxb1 55. Kb6 Nc3 56. a6 Nd5+ 57. Ka5 Kc6 58. a7 Nb6 59. Ka6 c4 0-1

[Event "Vilafranca del Penedes op 5th"]
[Site "Vilafranca del Penedes"]
[Date "2011.06.03"]
[Round "8.6"]
[White "Rafols Albet, Josep"]
[Black "Tutusaus Marrugat, Carles"]
[Result "1-0"]
[WhiteElo "2032"]
[BlackElo "1869"]
[PlyCount "133"]
[EventDate "2011.04.08"]
[EventType "swiss"]
[EventRounds "8"]
[EventCountry "ESP"]
[SourceTitle "EXT 2024"]
[Source "ChessBase"]
[SourceDate "2023.10.10"]
[SourceVersion "1"]
[SourceVersionDate "2023.10.10"]
[SourceQuality "1"]

1. b3 e5 2. Bb2 Nc6 3. e3 d5 4. Bb5 Bd6 5. Nf3 Qe7 6. Nc3 Nf6 7. Bxc6+ bxc6 8. Qe2 a5 9. Na4 Ba6 10. c4 0-0 11. 0-0 c5 12. d3 c6 13. e4 Rae8 14. Bc3 Bc7 15. Rae1 d4 16. Bd2 Nh5 17. Nxd4 cxd4 18. Qxh5 Bc8 19. f4 f6 20. f5 Bd7 21. Rf3 Qf7 22. Qh4 Kh8 23. Ref1 Bd8 24. Qe1 Qe7 25. c5 Bc7 26. Bxa5 Bxa5 27. Qxa5 Ra8 28. Qb4 Rfb8 29. Qc4 Be8 30. R3f2 Bf7 31. Qc2 Rb5 32. Rc1 Rab8 33. Qe2 Qa7 34. g4 Qe7 35. Rg2 Kg8 36. h4 Kh8 37. Qd2 Qf8 38. Kh2 Qe7 39. Rcg1 Rg8 40. b4 Qa7 41. Nb6 Qa3 42. Rb1 Rb8 43. g5 fxg5 44. hxg5 g6 45. Nd7 Re8 46. Rb2 Rb7 47. Nb6 Rf8 48. f6 Ra7 49. Nc4 Bxc4 50. dxc4 Rb8 51. Rg3 Qa4 52. a3 Rab7 53. Qf2 Kg8 54. Rf3 Rf7 55. Qg3 Re8 56. Rfb3 Rb7 57. Qd3 Reb8 58. Rf2 Rf7 59. b5 Rc7 60. Rb4 Qa5 61. Qh3 Re8 62. b6 Rb7 63. f7+ Rxf7 64. Rxf7 Kxf7 65. b7 Qa7 66. Qxh7+ Kf8 67. Rb3 1-0

[Event "Vilafranca del Penedes op 4th"]
[Site "Vilafranca del Penedes"]
[Date "2010.04.23"]
[Round "2.9"]
[White "Tutusaus Marrugat, Carles"]
[Black "Rafols Albet, Josep"]
[Result "0-1"]
[WhiteElo "1817"]
[BlackElo "2067"]
[PlyCount "98"]
[EventDate "2010.04.16"]
[EventType "swiss"]
[EventRounds "8"]
[EventCountry "ESP"]
[SourceTitle "EXT 2024"]
[Source "ChessBase"]
[SourceDate "2023.10.10"]
[SourceVersion "1"]
[SourceVersionDate "2023.10.10"]
[SourceQuality "1"]

1. e4 e5 2. Nc3 Nf6 3. Bc4 Bc5 4. d3 d6 5. Na4 Bb6 6. Nxb6 axb6 7. f4 Nc6 8. Nf3 exf4 9. Bxf4 Na5 10. e5 dxe5 11. Nxe5 Nxc4 12. Nxc4 b5 13. Nd2 0-0 14. 0-0 Qd4+ 15. Kh1 Nd5 16. Qf3 Nxf4 17. Qxf4 Qxb2 18. Qxc7 Rxa2 19. Rxa2 Qxa2 20. Ne4 Be6 21. Qxb7 Qxc2 22. Qxb5 Rd8 23. Nc5 Bd5 24. Rg1 h6 25. h3 Qf2 26. Ne4 Qf5 27. Qa4 Rd6 28. Kh2 Rg6 29. Qc2 Qe5+ 30. g3 Rc6 31. Qd2 Qc7 32. Qf2 Bxe4 33. Rd1 Rc2 34. Rd2 Bxd3 35. Qe3 Rxd2+ 36. Qxd2 Qc2 37. Qxc2 Bxc2 38. Kg2 Be4+ 39. Kf2 Kh7 40. Ke3 f5 41. g4 Kg6 42. Kf4 Kf6 43. gxf5 Bxf5 44. h4 h5 45. Kf3 Ke5 46. Ke3 Be4 47. Kf2 Kf4 48. Kg1 Kg3 49. Kf1 Kxh4 0-1

[Event "Vilafranca del Penedes op 3rd"]
[Site "Vilafranca del Penedes"]
[Date "2009.05.08"]
[Round "3.8"]
[White "Codina Feixes, Josep"]
[Black "Tutusaus Marrugat, Carles"]
[Result "1-0"]
[WhiteElo "2176"]
[BlackElo "1814"]
[PlyCount "49"]
[EventDate "2009.04.17"]
[EventType "swiss"]
[EventRounds "8"]
[EventCountry "ESP"]
[SourceTitle "EXT 2024"]
[Source "ChessBase"]
[SourceDate "2023.10.10"]
[SourceVersion "1"]
[SourceVersionDate "2023.10.10"]
[SourceQuality "1"]

1. d4 d5 2. c4 Nc6 3. e4 dxe4 4. d5 Nb8 5. Nc3 f5 6. f3 exf3 7. Nxf3 e6 8. Qe2 Qe7 9. Bg5 Nf6 10. 0-0-0 Na6 11. Ne5 Nc5 12. g3 g6 13. dxe6 Bxe6 14. Bg2 c6 15. Nxc6 Qf7 16. Ne5 Qe7 17. Bd5 Bg7 18. Rhe1 0-0 19. Nxg6 hxg6 20. Bxe6+ Kh8 21. Bd5 Qc7 22. Qg2 Nxd5 23. Nxd5 Qa5 24. Ne7 Nb3+ 25. Kb1 1-0